000 02053cam a2200313 4500500
005 20251228141149.0
041 _afre
042 _adc
100 1 0 _aSayagh, David
_eauthor
245 0 0 _aParcours variés de socialisations masculines au (et par le) vélo en QPV « très sociaux »
260 _c2022.
500 _a69
520 _aEn QPV, le clivage sexué des mobilités à vélo durant l’adolescence est particulièrement prononcé, notamment parce que les filles développent davantage de dispositions qui restreignent considérablement leurs alternatives réelles de pratiques. Le présent article montre que la prégnance de ce constat n’empêche pas d’observer – chez des garçons d’une même classe d’âge et résidant dans des QPV particulièrement défavorisés des métropoles de Strasbourg et de Montpellier – des parcours variés de socialisations masculines au (et par le) vélo, révélant d’importantes inégalités d’opportunités entre garçons.
520 _aIn priority neighborhoods, the gender gap in bicycle mobility during adolescence is particularly pronounced, especially because girls develop more dispositions that severely restrict their alternatives. This article shows that, despite this very marked phenomenon, we observe varied patterns of male socialization by (and through) bicycle, revealing significant inequalities of opportunities between boys of the same age group residing in very disadvantaged priority neighborhoods.
690 _aactivité physique
690 _aadolescence
690 _amobilité
690 _aQPV
690 _asocialisation masculine
690 _avélo
690 _aadolescence
690 _abicycle
690 _amale socialization
690 _amobility
690 _aphysical activity
690 _apriority neighborhoods
786 0 _nSciences sociales et sport | 20 | 2 | 2022-08-29 | p. 141-161 | 1967-7359
856 4 1 _uhttps://shs.cairn.info/revue-sciences-sociales-et-sport-2022-2-page-141?lang=fr&redirect-ssocas=7080
999 _c1607543
_d1607543